00325nam a2200121Ia 4500008004100000041000800041082001800049100002100067245004500088260002600133300003300159365001100192240624s9999 xx 000 0 und d aeng a333.31542 SIN aSINGH AJIT KUMAR aLAND POLICIES FOR EQUITY AND GROWTH TRAN c2014aNew DelhibSage axviii, : 408 : p. : cm. ; 22 cRSb38